Plant genome engineering: Methods and protocols (Record no. 75771)

MARC details
000 -LEADER
fixed length control field 00492nam a22001337a 4500
020 ## - INTERNATIONAL STANDARD BOOK NUMBER
ISBN 978-1-0716-3133-1
082 ## - DEWEY DECIMAL CLASSIFICATION NUMBER
Classification number 575.113 YAN
100 ## - MAIN ENTRY--AUTHOR NAME
Personal name YANG, Bing, Ed.
-- HARWOOD, Wendy, Ed.
-- Que, Quideng, Ed.
245 ## - TITLE STATEMENT
Title Plant genome engineering: Methods and protocols
490 ## - SERIES STATEMENT
Series statement Methods in Molecular Biology, 2653
650 ## - SUBJECT ADDED ENTRY--TOPICAL TERM
Topical Term CRISPR-SpRY genome editing system
-- CRISPR/LbCas12a-mediated genome editing
-- Genetic engineering
-- CRISPR/Cas9 genome editing
942 ## - ADDED ENTRY ELEMENTS (KOHA)
Koha item type Books
Holdings
Withdrawn status Lost status Damaged status Not for loan Home library Current library Date acquired Source of acquisition Full call number Accession Number Koha item type
        RRII Library RRII Library 24/10/2025 Techniz books international, New Delhi, invoice number INT202501254 dtd 10/10/25, Rs 38,407/- 575.113 YAN 23635 Books
        RRII Library RRII Library 05/01/2026   575.113 YAN   Books